Catálogo

Historia de las Indias de Nueva España : (Registro nro. 24500)

Detalles MARC
000 -LEADER
fixed length control field 01266cam a2200313 i 4500
001 - CONTROL NUMBER
control field 24500
003 - CONTROL NUMBER IDENTIFIER
control field Mx-PuUPA
005 - DATE AND TIME OF LATEST TRANSACTION
control field 20240208122811.0
008 - FIXED-LENGTH DATA ELEMENTS--GENERAL INFORMATION
fixed length control field 140415s1967 mx a fr 000 0 spa d
040 ## - CATALOGING SOURCE
Original cataloging agency Mx-PuUPA
Language of cataloging spa
Transcribing agency Mx-PuUPA
Modifying agency Mx-PuUPA
Description conventions rda
041 0# - LANGUAGE CODE
Language code of text/sound track or separate title spa
100 1# - MAIN ENTRY--PERSONAL NAME
Personal name Durán, Diego,
Dates associated with a name -1588?
9 (RLIN) 14114
Relator term autor
245 10 - TITLE STATEMENT
Title Historia de las Indias de Nueva España :
Remainder of title y Islas de tierra firme /
Statement of responsibility, etc. por El Padre Fray Diego Duran
246 3# - VARYING FORM OF TITLE
Title proper/short title Historia de las Indias de Nueva España y Islas de tierra firme :
Remainder of title atlas
264 #1 - PRODUCTION, PUBLICATION, DISTRIBUTION, MANUFACTURE, AND COPYRIGHT NOTICE
Place of production, publication, distribution, manufacture México, D. F. :
Name of producer, publisher, distributor, manufacturer Editora Nacional,
Date of production, publication, distribution, manufacture, or copyright notice 1967
300 ## - PHYSICAL DESCRIPTION
Extent 1 volumen (sin paginación), láminas :
Other physical details ilustraciones (en blanco y negro) ;
Dimensions 23 cm
336 ## - CONTENT TYPE
Fuente rdacontent
Content type term texto
Content type code txt
336 ## - CONTENT TYPE
Fuente rdacontent
Content type term imagen fija
Content type code sti
337 ## - MEDIA TYPE
Source rdamedia
Media type term sin medio
Media type code n
338 ## - CARRIER TYPE
Source rdacarrier
Carrier type term volumen
Carrier type code nc
500 ## - GENERAL NOTE
General note "Religioso de la Órden de Predicadores (escritor del siglo XVI)". -- Portada
650 #7 - SUBJECT ADDED ENTRY--TOPICAL TERM
Source of heading or term armarc
Topical term or geographic name entry element Aztecas
General subdivision Historia
650 #7 - SUBJECT ADDED ENTRY--TOPICAL TERM
Source of heading or term armarc
Topical term or geographic name entry element Índigenas de México
General subdivision Religión y mitología
650 #7 - SUBJECT ADDED ENTRY--TOPICAL TERM
Source of heading or term armarc
Topical term or geographic name entry element Mitlogía azteca
651 #4 - SUBJECT ADDED ENTRY--GEOGRAPHIC NAME
Geographic name México
General subdivision Historia
-- Conquista, 1519 - 1540
Form subdivision Fuentes
942 ## - ADDED ENTRY ELEMENTS (KOHA)
Source of classification or shelving scheme Dewey Decimal Classification
Koha item type Libro
Classification part 972.02
Item part D9475
Existencias
Withdrawn status Lost status Source of classification or shelving scheme Damaged status Not for loan Collection code Home library Current library Shelving location Date acquired Source of acquisition Total Checkouts Full call number Barcode Date last seen Price effective from Koha item type
    Dewey Decimal Classification     General Centro de Estudios Guadalupanos Centro de Estudios Guadalupanos Sala general 03/12/2013 Compra   972.02 D9475 1967 45757 05/01/2026 03/12/2013 Libro